[Event "Østlandsserien 2011/2012, 2. div"]
[Site "Ås, Akershus NOR"]
[Date "2012.02.12"]
[Round "5"]
[White "Lea, Per"]
[Black "Fosdahl, Bjørn W"]
[Result "1-0"]
[WhiteElo "1669"]
[BlackElo "1694"]
[Annotator "Lea, Per"]
[PlyCount "101"]
[EventDate "2011.11.06"]
[WhiteTeam "Follo 1"]
[BlackTeam "Stjernen 2"]

1. e4 e6 2. d4 d5 3. Nc3 Bb4 4. e5 b6 (4... c5 5. a3 Bxc3+ 6. bxc3 {er vanliger
e, men det kan være lurt av fransk-spesialister å spesialstudere sånne
varianter. Det bringer lett oss middelhavsfarere ut på viddene.}) 5. Qg4 {
Skitt au. Jeg spiller (nesten) alltid dronninga hit når svart utvikler
svartfeltløperen i fransk.} Bf8 (5... Kf8 {anbefales av flere toppspillere i
liknende franske stillinger, at dette skal være godt har jeg personlig
vanskelig for å skjønne. Det strider liksom mot alt vi prøver å lære bort i
Follo sjakkforenings ungdom.}) (5... g6 {virker mer naturlig for meg}) 6. Bb5+
c6 7. Bd3 Ba6 8. Bxa6 {For meg virker dette som et naturlig trekk; jeg vil i
hvert fall ikke la svart slå og påføre meg en dobbeltbonde i d-linja. Men
ulempen er at svart får byttet bort dronningløperen, som lett kan bli stående
innestengt i fransk. Jeg hadde regnet med at planen hans var å plassere den på
b7, og deretter dytte fram c-bonden.} ({
Et alternativ jeg vurderte alvorlig, var} 8. Qe2) 8... Nxa6 9. Be3 Ne7 10. Qe2
Qc8 11. f4 {Kanskje litt unøyaktig, men jeg så for meg at det kunne være greit
med en ekstra gardering av e5-bonden hvis svart får spilt frsm c-bonden og det
blir et bytte, enten aved at jeg slår på c5, eller at svart slår på d4.
Ulempen er at jeg aner konturene av en bondeformasjon hvor hvits løper blir
helt innestengt bak egne bønder ("storbonde").} Nc7 12. Nf3 Qa6 13. O-O Nf5 14.
Bf2 {
Den lille fordelen hvit kunne påberope seg etter åpningen er nå en saga blott.}
Qxe2 15. Nxe2 h5 16. Nh4 Be7 {
Nå er det svart som kan kose seg med en stadig bedre stilling} 17. Nxf5 exf5
18. Rac1 Ne6 {Holder 2 hvite bønder under oppsikt. Heldigvis kan han ikke på
kort sikt true noen av dem en gang til, men det er neppe noen tvil om at
svarts to lette offiserer står bedre enn de hvite.} 19. c4 O-O 20. cxd5 {
Fritz foretrekker tårndobling i c-linka, men jeg synes det er greit å få
plassert en isolert svart bonde på d5. Dobbeltbøndene hans i f-linja er
kanskje ikke noe vakkert syn, men bonden på f5 lar seg lett gardere hvis det
skulle bli aktuelt.} cxd5 21. Rc6 Rfd8 {Intuitivt ser det greit ut å gardere
d-bonden, men det spørs nok om ikke det å opponere med et av tårnene i c-linja
straks, var å foretrekke} 22. Rfc1 Kf8 {Her aner jeg konturene av svarts plan:
å føre kongen til d7, bytte av alle 4 tårnene og vinne ved hjelp av mer aktive
lette offiserer. Om den planen holder, er en annen sak: bøndene på d5 og f5
kan bli svarts bane.} 23. g3 {For å gardere f-bonden slik at springeren får
litt spillerom. Noen trekk ergret jeg meg fordi jeg ikke hadde brukt løperen
til å passe på bøndene, fordi den i tillegg garderer tårnet på c1 som kunne
bli et viktig poeng. Men da glemte jeg at å slå tilbake på c1 etter et
tårnbytte, fjerner garderinga av d4-bonden.} (23. Be3 Ke8 24. Nc3 Rac8 25. Rxc8
Rxc8 26. Nxd5 Rxc1+ 27. Bxc1 Nxd4) 23... Ke8 24. Nc3 Rac8 25. Nb5 Rxc6 26. Rxc6
Kd7 27. Rc1 a6 28. Nc3 Rc8 29. Kf1 Bb4 30. Ne2 Rxc1+ 31. Nxc1 Kc6 32. Ke2 Kb5
33. Kd3 g6 34. Nb3 {Med remistilbud - som ble avslått med begrunnelsenn at
stillingen både på 1. og 3.bord så tvilsomme ut for Stjernen-spillerne.} a5 35.
Na1 {Tilsynelatende et underlig trekk - gå frivillig inn i hjørnet med
springeren! Planen er å komme via c2 til e3.} a4 36. Nc2 Nd8 37. a3 {Bedre enn 
å bytte springer mot løper - hvits løper får en ganske liten bevegelsesradius.
Om svart kan benytte springeren til å spise enbonde eller to, er uklart, men
det er mulig at svart på et (for ham) passende tidspunkt kan bytte springer
mot løper og oppnå et vunnet bondesluttspill. Men den slags er vanskelig å se
så lenge i forveien.} Be7 38. Be1 Ne6 39. Bb4 {
Nå begynner hvit å få aktivisert offiserene!} Bd8 40. Bd6 $1 h4 {
Da trekket var utført, hadde svart 2 sekunder igjen...} 41. Nb4 $1 {Flere trekk
på rad har jeg nå funnet det beste alternativet (i følge silisium-boksen). men
ta det med ro - det er (nesten) bare flaks!} hxg3 42. hxg3 g5 43. Nxd5 gxf4 44.
gxf4 (44. Nc3+ Ka5 45. d5 fxg3 46. dxe6 fxe6 {
våget jeg ikke å gå inn i - helt uten grunn viser det seg i ettertid.}) 44...
Kc6 45. Nb4+ Kd7 46. Ke3 Bh4 {
Løperen sto vel egentlig godt nok - om enn ikke særlig aktivt - på d8} (46...
b5 47. d5 Bb6+ 48. Kf3 Nd4+ 49. Kg2 {var nok å foretrekke}) 47. d5 Nd8 48. Nc2
f6 49. Nd4 Nf7 $4 {Dette satt jeg og ventet på og så for meg et vunnet
sluttspill med rein springer over} (49... fxe5 50. fxe5 Bg5+ 51. Kd3 f4 52. Bb4
{holder heller ikke}) 50. e6+ Kxd6 51. Nxf5+ $1 ({
Mye enklere enn det jeg først hadde planlagt:} 51. exf7 Ke7 52. Nxf5+ Kxf7 53.
Nxh4) 1-0

[Event "Østlandsserien 2011/2012, 2. div"]
[Site "Ås, Akershus NOR"]
[Date "2012.02.12"]
[Round "5"]
[White "Sollum, Espen"]
[Black "Olsen, Trygve"]
[Result "1-0"]
[WhiteElo "1719"]
[BlackElo "1278"]
[Annotator "Lea, Per"]
[PlyCount "117"]
[EventDate "2011.11.06"]
[WhiteTeam "Stjernen 2"]
[BlackTeam "Follo 1"]

1. d4 d5 2. c4 c6 3. Nf3 Nf6 4. Nbd2 Nbd7 5. g3 g6 6. Bg2 Bg7 7. O-O e6 8. b3
O-O 9. a4 a5 10. Bb2 Re8 11. Qc2 Ng4 {Litt vanskelig å forstå svarts plan her.
Probmet som bør løses, er å aktivisere de lett offiserene på dronningfløyen.
Men det er ikke lett å finne aktive felter for disse brikkene.} 12. h3 Ngf6 (
12... Nh6 {for å overlate f6 til den andre springeren kunne kanskje ha vært en
logisk følge av det forrige trekket, men på den annen side står ikke de to
springeren noe godt på h6 og f6 hvis hvit får spilt fram g-bonden.}) 13. Rfe1
Nh5 14. Rad1 Qc7 15. e3 Nxg3 {Ikke uventet... Men det spørs nok om svart får
noe særlig kompensasjon for det ofrede materiellet. Det er vanskelig å få
aktivisert offiserene i et kongeangrep.} 16. fxg3 Qxg3 17. Nf1 Qb8 18. e4 Nf6
19. exd5 Nh5 20. Ne5 Nf4 21. Qf2 f6 22. Ng4 (22. Qxf4 fxe5 23. dxe5 {
er mer enn godt nok for hvit - med rein offiser over}) 22... h5 23. Ngh2 e5 24.
Bc1 (24. dxe5 fxe5 25. Qg3 {hadde beholdt hele den materielle fordelen}) 24...
Nxh3+ 25. Bxh3 Bxh3 26. Qg3 Bf5 27. Ne3 Qc8 28. Nxf5 Qxf5 29. dxe5 Rxe5 30.
Rxe5 fxe5 31. Rf1 {
Å spasere med fribonden hadde stilt Trygve over enda større problemer.} Qe4 32.
Nf3 cxd5 33. cxd5 Ra6 $2 ({Etter} 33... Qd3 {
er svart på banen igjen og kan kjempe om remis.}) 34. Ng5 Qxd5 35. Qf3 Qxf3 36.
Rxf3 Bf6 (36... Rc6 37. Ba3 Bh6 38. Ne4 Bc1 39. Bxc1 Rxc1+ 40. Kg2 Kg7 {
er verdt et forsøk}) 37. Ne4 Be7 38. Bb2 g5 $2 {To sammenhengende fribønder
kan vinne mot et tårn, men vanligvis ikke mot tårn pluss konge} 39. Bxe5 g4 40.
Rf5 h4 41. Nf6+ Bxf6 42. Bxf6 h3 43. Bd4 Rg6 44. Rxa5 g3 45. Rh5 Rd6 46. Rxh3
Rxd4 47. Rxg3+ {Nå er Trygve på banen igjen: "Tårnsluttspill er remis"} Kf7 48.
Re3 Rf4 49. Kg2 Kf6 $2 {Men bondesluttspill er IKKE remis!} (49... Kg6 50. Re6+
Kf5 51. Rb6 Rg4+ 52. Kf3 Rg7 {er ikke opplagt vinst for hvit}) 50. Rf3 Ke5 51.
Rxf4 Kxf4 52. Kf2 Ke4 53. Ke2 Kd4 54. Kd2 b5 $4 {
Desperasjon. Når hvit får en fribonde er mesteparten av jobben gjort.} (54...
Kc5 55. Kc3 b6 56. b4+ Kc6 57. Kd4 Kd6 {og vi har en død remisstilling (www.
k4it.de). Men - som en av de moderne polfarerne sa etter å ha kommet tilbake
fra Nordpolen: "Teori og pakkis er to forskjellige ting!"}) 55. a5 Kc5 56. b4+
Kc6 57. Ke3 Kd6 58. Kd4 Kc6 59. Ke5 {Så nær, så nær for vår mann. En remis
hadde vært litt av en fjær i hatten når ratingforskjellen er ca 450 poeng i
Trygves disfavør.} 1-0

[Event "Østlandsserien 2011/2012, 2. div"]
[Site "Ås, Akershus NOR"]
[Date "2012.02.12"]
[Round "5"]
[White "Thowsen, Alf Geir"]
[Black "Andersen, Guttorm"]
[Result "0-1"]
[WhiteElo "1151"]
[BlackElo "1592"]
[Annotator "Lea, Per"]
[PlyCount "56"]
[EventDate "2011.11.06"]
[WhiteTeam "Follo 1"]
[BlackTeam "Stjernen 2"]

1. d4 d5 2. c4 c6 3. Nc3 Nf6 4. e3 e6 5. Nf3 Nbd7 6. Bd3 dxc4 7. Bxc4 b5 8. Bd3
a6 9. a3 ({Tre andre alternativer for å beholde et visst initiativ:} 9. a4 b4
10. Ne4 c5 11. Nxf6+ Nxf6 12. O-O) (9. O-O c5 10. a4 b4 11. Ne4 Bb7 12. Nxf6+
Qxf6 13. Qe2) (9. Ng5 Bb7 10. Qf3) 9... c5 10. Bd2 Bb7 11. O-O Bd6 12. Re1 {
Svart har fått lov til å utvikle seg litt for fritt og har overtatt initiativet
} O-O 13. Rc1 Qb6 14. Nb1 {Ikke helt lett å se hvits plan her} Bxf3 15. Qxf3
cxd4 $2 16. exd4 $2 (16. Rc6 Bxh2+ 17. Kh1 (17. Kxh2 $4 Qb8+ 18. Qg3 Ne5 19.
Bxh7+ Nxh7 20. Rc5 Nd3 21. exd4 Nxe1 22. Bxe1 Nf6 {og svart bør vinne}) 17...
Qa7 18. exd4 Qxd4 19. g3 Bxg3 20. fxg3 Ne5 21. Rxe5 Qxe5 22. Rc2 {og hvit kan
prøve å kjempe videre med løperpar mot tårn og 3 bønder, selv om
kongestillingen ikke er helt patent}) 16... Qxd4 17. Bc3 Qf4 18. Qh3 h6 19. Nd2
$2 (19. g3 Qg4 20. Qxg4 Nxg4 21. Be2 {
og det er "hope in the hanging snore" (N A Eggen)}) 19... Ng4 20. Nf3 Nde5 21.
Bd2 $2 {
Gir svart muligheten til å kombindere seg til materiell + fortsatt angrep} (21.
Be4 {burde vært prøvd}) 21... Nxf3+ 22. gxf3 Nxf2 23. Kxf2 Qxd2+ 24. Be2 Qxb2
25. Rg1 Bc5+ $1 {Sterkt og morsomt - dessverre for oss...} 26. Rxc5 Qd4+ 27.
Kf1 Qxc5 28. Qxh6 $4 {Naturlig, men dessverre utilstrekkelig. Motivet er kjent
fra utallige partier - det er observert flere ganger i våre klubbturneringer.}
Qxg1+ {Enkelt og effektivt. Men det er sånt vi må vente oss - også i dette
partiet var ratingdifferansen ca 450 i Follos disfavør.} 0-1

[Event "Østlandsserien 2011/2012, 2. div"]
[Site "Sarpsborg, Østfold NOR"]
[Date "2012.03.10"]
[Round "6"]
[White "Larsen, Joakim"]
[Black "Hamre, Kenneth"]
[Result "1-0"]
[WhiteElo "1926"]
[BlackElo "1898"]
[Annotator "Lea,Per"]
[PlyCount "57"]
[EventDate "2011.11.06"]
[WhiteTeam "Follo 1"]
[BlackTeam "Sarpsborg"]

1. e4 c5 2. d4 cxd4 3. c3 dxc3 4. Nxc3 Nc6 5. Bc4 d6 6. Nf3 a6 7. O-O Nf6 8. h3
e6 9. Qe2 Be7 10. Rd1 Qc7 11. a3 b5 12. Ba2 Bd7 13. Bf4 Rc8 14. e5 dxe5 15.
Nxe5 {Hvit er i ferd med å gi fra seg initiativet.} (15. Bxe5 Nxe5 16. Nxe5 {
Hvit har vel sånn omtrent kompensasjon for minusbonden; svart må gi fra seg
løperparet.}) 15... Nxe5 16. Bxe5 Qb7 17. Bxf6 Bxf6 18. Nd5 Bd8 19. Qe4 $2 {
En feil i følge Fritz 11.} ({Etter} 19. Nb4 a5 20. Nd3 Bf6 21. Ne5 Bxe5 22.
Qxe5 {er fremdeles hvit med og kjemper.}) 19... Bc6 {Ser stygt ut, særlig
fordi hvit er i ferd med å komme i alvorlig tidsnød på omtrent dette
tidspunktet: så alvorlig at han måtte sluttet å notere trekkene.} 20. Qb4 a5
21. Qd6 (21. Qg4 O-O (21... exd5 22. Qxg7 Rf8 23. Qxh7 Rc7 {En liten fordel
for svart - meroffiseren til tross. Kongen står fast i sentrum, og
bondestillingen er dårlig.}) 22. Nf4 Bf6 23. Nh5 Bxb2 24. Rab1 Be5 {
bør vinne greit for svart.}) 21... Bxd5 ({Etter} 21... exd5 22. Re1+ (22. Bxd5
$2 Be7 23. Bxc6+ Rxc6 24. Qe5 O-O (24... Kf8 25. Rd5) 25. Rd5 Bf6 26. Qf5 Rb8
27. Rad1 g6 {med vinststilling for svart.}) 22... Be7 23. Rac1 Kf8 24. Rxe7
Qxe7 25. Rxc6 Qxd6 26. Rxd6 Ke7 27. Rxd5 Rc1+ 28. Kh2 Rb8 {
har hvit neppe noen kompensasjon for kvaliteten.}) 22. Bxd5 exd5 23. Rxd5 Be7
24. Re1 Kf8 25. Qe5 Bf6 $4 (25... b4 {
beholder initiativet, selv om svart sto enda bedre for noen trekk siden.}) 26.
Qd6+ $3 {Pluteselig er alt snudd på hodet!} Kg8 27. Qd8+ $1 {
Svart ga opp selv om hvit hadde sekunder igjen på klokka. Matt er uunngåelig:}
Rxd8 28. Rxd8+ Bxd8 29. Re8# 1-0

[Event "Østlandsserien 2011/2012, 2. div"]
[Site "Sarpsborg, Østfold NOR"]
[Date "2012.03.10"]
[Round "6"]
[White "Jensen, Arne-Roger"]
[Black "Lange, David"]
[Result "1-0"]
[WhiteElo "1929"]
[BlackElo "1803"]
[PlyCount "53"]
[EventDate "2011.11.06"]
[WhiteTeam "Sarpsborg"]
[BlackTeam "Follo 1"]

1. e4 c5 2. Nf3 d6 3. d4 cxd4 4. Qxd4 Nc6 5. Bb5 Bd7 6. Bxc6 Bxc6 7. Nc3 Nf6 8.
Bg5 e6 9. O-O-O Be7 10. Rhe1 d5 11. exd5 Nxd5 12. Qxg7 Bf6 13. Qxh8+ Bxh8 14.
Bxd8 Nxc3 15. bxc3 Bxf3 16. gxf3 Rxd8 17. Rxd8+ Kxd8 18. Kd2 Bf6 19. Kd3 Kd7
20. Re4 Be7 21. Rg4 Bf6 22. Rf4 Ke7 23. Ra4 a6 24. Rb4 b5 25. c4 bxc4+ 26. Rxc4
Be5 27. Rh4 1-0

[Event "Østlandsserien 2011/2012, 2. div"]
[Site "Sarpsborg, Østfold NOR"]
[Date "2012.03.10"]
[Round "6"]
[White "Lange, Holger"]
[Black "Livendahl, Kristian"]
[Result "0-1"]
[WhiteElo "1660"]
[BlackElo "1777"]
[PlyCount "142"]
[EventDate "2011.11.06"]
[WhiteTeam "Follo 1"]
[BlackTeam "Sarpsborg"]

1. e4 e6 2. d4 d5 3. Nd2 Nf6 4. e5 Nfd7 5. f4 c5 6. c3 Nc6 7. Ndf3 cxd4 8. cxd4
Qb6 9. Ne2 Be7 10. g3 Bb4+ 11. Bd2 Ne7 12. Bg2 Qa5 13. O-O Bxd2 14. Nxd2 Nf5
15. Nb3 Qb4 16. Qd3 g6 17. Rab1 b6 18. Rfc1 O-O 19. a3 Qa4 20. Qc3 Ba6 21. Bf1
Rac8 22. Qb4 Qxb4 23. axb4 Bc4 24. Rc3 Nb8 25. Rbc1 Rcd8 26. g4 Ne7 27. Nd2 Na6
28. Nxc4 dxc4 29. Rxc4 b5 30. R4c3 Nxb4 31. Rb3 Nbc6 32. Rxb5 Nxd4 33. Rb7
Nxe2+ 34. Bxe2 Nd5 35. Rc4 Rc8 36. Rxa7 Rxc4 37. Bxc4 Nxf4 38. Rd7 Rb8 39. b3
g5 40. Rd2 Ng6 41. Re2 Rc8 42. Bd3 Nf4 43. Re3 Kg7 44. Kf2 Nd5 45. Rh3 h6 46.
Bc4 Nf4 47. Re3 Rd8 48. Be2 Rd2 49. Kf3 Rb2 50. Bd1 Rxh2 51. b4 Rd2 52. Ba4 Nd5
53. Rb3 Rd4 54. Bc6 Rf4+ 55. Kg3 Nxb4 56. Bf3 Nc2 57. Rc3 Nd4 58. Bd1 Re4 59.
Rc5 Rf4 60. Rc3 Rf1 61. Rd3 Nc6 62. Be2 Rf4 63. Re3 f6 64. exf6+ Kxf6 65. Bb5
Nd4 66. Bd3 h5 67. gxh5 Nf5+ 68. Bxf5 exf5 69. Kg2 Rh4 70. Rh3 Rxh3 71. Kxh3
Kg7 0-1

[Event "Østlandsserien 2011/2012, 2. div"]
[Site "Sarpsborg, Østfold NOR"]
[Date "2012.03.10"]
[Round "6"]
[White "Lunde, Sigmund"]
[Black "Lea, Per"]
[Result "1-0"]
[WhiteElo "1740"]
[BlackElo "1669"]
[Annotator "Lea,Per"]
[PlyCount "89"]
[EventDate "2011.11.06"]
[WhiteTeam "Sarpsborg"]
[BlackTeam "Follo 1"]

1. e4 e5 2. Nf3 Nc6 3. Nc3 Nf6 4. d3 d5 5. Bg5 dxe4 6. Nxe4 Be7 7. Bd2 b6 8. c3
Bb7 9. Ng3 Qd7 10. Qc2 O-O-O 11. Be2 Nd5 12. O-O-O h6 13. h3 {Her syntes jeg
at jeg hadde kommet helt greit ut av åpningen - og Fritz 11 er helt enig.
Stillingen ser helt ufarlig ut, og jeg prøver å gjøre noen stille
forberedelser for å se om det er noe poeng å flytte springeren til f4. Hvis
jeg ender opp med en svak bondestruktur og kompensasjon i form av løperparet,
er jeg ikke helt sikker på om det lønner seg. derfor kommer et nytt
"ventetrekk":} g5 $4 {Som lyn fra klar himmel. Motivet med gardert hvit løper
på g4 mot svarts dronning og konge på samme diagonalen burde være et kjent
motiv, men her sov jeg tydeligvis i timen.} 14. Nxg5 $1 Rdf8 $4 {
"En tabbe kommer sjelden alene".} ({Etter} 14... Qe8 {
har jeg "bare" mistet en bonde.}) 15. Nxf7 $1 ({Jeg så bare for meg:} 15. Bg4
f5 16. Nxf5 Rxf5 17. Bxf5 Qxf5 {
med helt grei stilling; i følge Fritz 11 står jeg til og med best.}) 15... Qe8
16. Nxh8 Rxf2 17. Bf3 {Et fristende trekk som sperrer tårnet inne til evig tid.
} (17. Qa4 Nf4 (17... Rf8 18. Bh5 Qd8 19. Nf7 {og massakren er fullendt.}) 18.
Bf3) (17. Qa4 Nf4 18. Bf1 Nd5 (18... Nxg2 19. Qg4+ Kb8 20. Ne4 Rxd2 21. Rxd2
Ne3 22. Qg7 Nb4 23. Kb1 (23. cxb4 Bxe4 24. dxe4 $4 Qc6+ 25. Kb1 Qxe4+ 26. Rd3
Qxh1 27. Qg8+ Kb7 {
og svart kan kjempe videre siden han trolig vinner tilbake minst en offiser..})
) 19. Qg4+ Kb8 20. Ne4 Rf8 21. Ng6 {og alt håp er ute for svart.}) 17... Ne3 {
Ser godt ut, men er ikke tilstrekkelig til å holde partiet..} 18. Qb3 $1 Nxd1
19. Ne4 ({
Etter partiet trodde vi hvit hadde kommet ut med reint tårn over etter:} 19.
Nf7 {men da hadde vi regnet feil.} Nxb2 $1 20. Qxb2 (20. Kxb2 Rxd2+ 21. Ka1
Rxd3 22. Qc4 Rd7 23. Bg4 Kb8 24. Bxd7 Qxd7 {Med løperpar pluss en bonde mot
tårn og springer har svart fullgod kompensasjon.})) (19. Rxd1 {
gir enda klarere fordel.}) 19... Qxh8 (19... Rxd2) (19... Rxf3 {
var to bedre alternativer.}) 20. Qxd1 Rxd2 21. Kxd2 Qf8 22. Rf1 Kb8 23. Kc1 Qd8
24. Kb1 Ba6 25. Kc2 Qd5 26. Nf6 Qd6 27. Nd5 Bg5 28. Be4 Bc8 29. Qf3 Ne7 30.
Nxe7 Bxe7 31. Ba8 a6 32. Qc6 Qd8 33. Qd5 Bd6 34. Bc6 Qg5 35. b4 Ka7 36. a3 Kb8
37. c4 Qe7 38. Rf7 Qh4 39. Qf3 ({På} 39. c5 {
(foreslått av Bård Fjellengen etter partiet) hadde jeg planlagt} Qe1 40. cxd6
Qe2+ {og håpet på remis ved evig sjakk - et håp som Fritz bekrefter. En morsom
avslutning (for Follo) hadde vært:} 41. Kb3 Qd1+ 42. Kc4 Qc2#) 39... Qe1 40.
Qd1 Qh4 41. Qg1 Qh5 42. Qf2 Be6 $4 {Taper forsert takket være en liten
kombinasjon som bare hvit så. men selv om tidsnøden nå var over, så er det
ikke så lett å se den for den forsvarende part.} 43. Rf6 $1 Bc8 {
Aner fred og ingen fara - "alt" er gardert, bortsett fra:} 44. Rxd6 $3 cxd6 45.
Qxb6+ {og det er matt i neste.} 1-0

[Event "Østlandsserien 2011/2012, 2. div"]
[Site "Ås, Akershus NOR"]
[Date "2012.03.11"]
[Round "7"]
[White "LIllevold, Frode"]
[Black "Larsen, Joakim"]
[Result "1-0"]
[WhiteElo "2098"]
[BlackElo "1926"]
[Annotator "Lea,Per"]
[PlyCount "60"]
[EventDate "2011.11.06"]
[WhiteTeam "Strømmen 1"]
[BlackTeam "Follo 1"]

1. d4 Nf6 2. c4 g6 3. Nc3 Bg7 4. e4 d6 5. f3 O-O 6. Be3 Nbd7 7. Nh3 e5 8. d5
Ne8 9. g4 Qh4+ 10. Bf2 Qe7 11. Qd2 Nc5 12. b4 Na6 13. a3 f5 14. gxf5 gxf5 15.
O-O-O f4 $16 (15... fxe4 16. fxe4 Rf3 17. Ng1 Rf8 $14) 16. Ng1 Nb8 17. Kb2 Kh8
18. Nge2 Nd7 (18... a5 {for å åpne opp kongestillingen er verdt en tanke.}) 19.
Nc1 Nb6 20. c5 Nd7 {"Fram og tilbake er dobbelt så langt"} 21. Nb3 Bf6 22. Rc1
{I tillegg til en litt uharmonisk offisersoppstilling sliter svart med den
sedvanlige tidsnøden...} Rg8 23. Nb5 a6 $2 ({Svart sliter også etter:} 23...
dxc5 24. bxc5 (24. Nxc5 Nxc5 25. Bxc5 Nd6) 24... c6 25. d6 Qd8 26. Nc3 b6) 24.
cxd6 cxd6 {I stedet for at svart har fått åpnet vits kongestilling, er det
hvit som har skumle greier på gang i c-linja.} 25. Na7 Qd8 26. Qc2 Ng7 27. Bh3
Bh4 28. Nxc8 Bxf2 29. Nxd6 Qf6 30. Nc4 Nb6 1-0

[Event "Østlandsserien 2011/2012, 2. div"]
[Site "Ås, Akershus NOR"]
[Date "2012.03.11"]
[Round "7"]
[White "Lange, David"]
[Black "Sidselrud, Steinar"]
[Result "1/2-1/2"]
[WhiteElo "1803"]
[BlackElo "2028"]
[Annotator "Lea,Per"]
[PlyCount "88"]
[EventDate "2011.11.06"]
[WhiteTeam "Follo 1"]
[BlackTeam "Strømmen 1"]

1. d4 Nf6 2. c4 c6 3. Nc3 d5 4. e3 e6 5. Nf3 Nbd7 6. Bd3 dxc4 7. Bxc4 b5 8. Bd3
a6 9. O-O c5 10. b3 Bb7 11. Bb2 Be7 12. Rc1 O-O 13. Qe2 cxd4 14. Nxd4 Nc5 15.
Rfd1 Nxd3 16. Rxd3 Qb6 17. h3 Rac8 18. Rcd1 b4 19. Na4 Qa5 20. R3d2 Rfd8 21.
Rc1 Rxc1+ 22. Bxc1 Qg5 23. f3 Nd5 24. Rc2 Bf6 25. Nc5 Nc3 26. Rxc3 $2 {
Fristende, men etter en lang forsert slagveksling er det svart som kommer ut
med en gardert merbonde på c3.} (26. Qc4 {er den eneste redningen} Ba8 27. Qxb4
Nb5 28. Nxb5 Rd1+ 29. Kh2 Bxf3 30. Nd7 {
Hvit må hindre en løper- eller dronningsjakk på e5} (30. Nd4 $4 Be5+ 31. g3
Qxg3#)) 26... bxc3 27. Nxb7 Rxd4 $1 {Det er sånt som Mesterspillere ser...} 28.
f4 Qd5 29. exd4 Bxd4+ 30. Kf1 Qxb7 31. Qd3 Bf6 32. Be3 h5 33. f5 Qc6 34. fxe6 {
Noen foretrekker en fribonde, andre foretrekker å ha bøndene samlet. Fritz
hører med til de sistnevnte. Men svart beholder fordelen i begge tilfeller.}
fxe6 35. Qc4 Qxc4+ {
Det blir ikke lett for svart å utnytte merbonden med svak bondestilling.} 36.
bxc4 Kf7 {Sjablongmessig: Kongen skal aktiviseres i sluttspillet!} ({Bedre var:
} 36... c2 37. Bc1 e5 38. Ke2 e4 39. g3 (39. Kd2 $2 e3+ $1 40. Kxc2 e2 41. Bd2
Bh4 42. Kd3 e1=Q 43. Bxe1 Bxe1 $19)) 37. Ke2 Ke7 38. Kd3 Kd6 39. Ke4 Kc6 40.
Kd3 Kd6 41. Ke4 h4 42. a4 g6 43. Kd3 Kc6 44. Ke4 Kd6 1/2-1/2